Jaka to linia autobusowa? - Statystyki

Ogólne statystyki
  • Ten quiz został rozwiązany 87 razy
    53 od ostatniego zresetowania
  • Średni wynik to 18 z 29
Statystyki odpowiedzi
Podpowiedź Linia % Poprawnych
Jedna z linii do przylepu 2
87%
Linia jadąca na Chynów i dwa razy dziennie na Jany 1
84%
Druga najpopularniejsza linia w mieście 0
84%
Linia która przejeżdża przez Stare Miasto 101
82%
Najpopularniejsza linia w Zielonej Górze 8
82%
Linia której niektóre kursy przejeżdżają przez Osiedle Kwaiatowe 44
79%
Jedna z najpopularniejszych linii w mieście jadąca na Osiedle Leśne 5
79%
Linia która przejeżdża przez Os.Przyjaźni 17
76%
Linia jadąca na Ochle 27
76%
Jedyna linia kończąca bieg na pętli Lechitów 12
74%
Linia odwrotna linii N4 N1
71%
Linia nocna obsługująca dwa najpopularniejsze osiedla w mieście N2
68%
Linia kończąca kurs na drzonkowie 10
66%
Najpopularniejsza linia jadąca do Przylepu 20
66%
Najdłuższa linia nocna N3
66%
Linia jadąca na Jany 21
61%
Linia która obsługuje Krępę 22
61%
Jedyna linia która obsługuje strefę biletową B 25
58%
Najpopularniejsza linia szkolna 39
55%
Linia dojeżdżająca na Park Technologiczny w Nowym Kisielinie 26
53%
Linia ta obsługuje tylko jeden kurs 38
53%
Linia nocna jadąca z Os.Śląskie do Zajezdni N4
53%
Jedna z linii która obsługuje 2 dodatkowe trasy 30
47%
Linia która obsługuje najnowszą pętlę w mieście 19
45%
Linia która łączy północ i południe miasta 9
45%
Linia jadąca najbardziej okrężną trasą w mieście 6
39%
Najnowsza linia 102
37%
Na tej linii jeżdżą tylko autobusy 12 metrowe 14
34%
Linia która ma jedną pętle 29
26%
Nie znaleziono quizów pasujących do podanych kryteriów
Rozkład punktacji
Procent ludzi z każdym wynikiem
Percentyl według liczby udzielonych odpowiedzi
Twoja historia wyników
Nie rozwiązałeś tego quizu od ostatniego zresetowania